Movies Quiz

Random Movies Quiz

Barbra Streisand Films! Quiz Stats

 Plays Quiz not verified by Sporcle

Challenge
Share
Tweet
Embed
Score 0/17 Timer 03:00
0 Plays Today
Year Film % Correct
1968Funny Girl
97.3%
1983Yentl
89.7%
1973The Way We Were
87.1%
1975Funny Lady
86.2%
2004Meet the Fockers
85.3%
1969Hello, Dolly!
83.5%
1976A Star Is Born
76.8%
1996The Mirror Has Two Faces
76.3%
1991The Prince of Tides
73.7%
Year Film % Correct
1972What's up, Doc?
71.9%
1979The Main Event
64.7%
1987Nuts
63.8%
1970On A Clear Day You Can See Forever
62.9%
1970The Owl and the Pussycat
62.9%
1972Up the Sandbox
44.6%
1974For Pete's Sake
41.5%
1981All Night Long
34.4%

You're not logged in!

Compare scores with friends on all Sporcle quizzes.
Join for Free
OR
Log In

You Might Also Like...

Show Comments

Extras

Top Quizzes Today


Score Distribution

Your Account Isn't Verified!

In order to create a playlist on Sporcle, you need to verify the email address you used during registration. Go to your Sporcle Settings to finish the process.

Report this User

Report this user for behavior that violates our Community Guidelines.

Details: